| 000 | 00743nam a22002297a 4500 | ||
|---|---|---|---|
| 003 | 0 | ||
| 005 | 20250822151135.0 | ||
| 008 | 250822b xxu||||| |||| 00| 0 eng d | ||
| 020 | _a978-1-0718-8508-6 | ||
| 050 |
_aRC 564 _b.M67 2025 |
||
| 100 |
_aMorgen, Keith, _eauthor. |
||
| 245 |
_aSubstance use disorders and addictions / _cKeith Morgen. |
||
| 250 | _a2nd ed. | ||
| 260 |
_aThousand Oaks, California : _bSage, _c2025. |
||
| 300 |
_axxiii, 342 pages : _billustrations ; _c23 cm. |
||
| 504 | _aIncludes bibliographical references and index. | ||
| 650 |
_aSubstance abuse _xTreatment. |
||
| 650 |
_aSubstance abuse _xPrevention. |
||
| 650 |
_aAddicts _xRehabilitation. |
||
| 650 |
_aDrug abuse _xPsychological aspects. |
||
| 942 |
_2lcc _cBK |
||
| 999 |
_c367584 _d367584 |
||